Inhibitors of lysozyme aggregation

Bibliographic Details
Main Authors: Gažová, Zuzana, 1961- (Author), Bellová, Andrea (Author), Imrich, Ján, 1951- (Author), Kristian, Pavol, 1972- (Author), Bágeľová, Jaroslava (Author), Fedunová, Diana (Author), Daxnerová, Zuzana (Author), Antalík, Marián, 1952- (Author)
Format: Article
Language:English
PhysicalDescription:Obr.
ISBN:9788070976937
Subjects:

MARC

LEADER 00000nab a2200000 a 4500
001 vtls010257786
003 SK-MaSNL
005 20260318140612.0
008 11030209c2007 xo o |||||||||||||||b|en
015 |a SNBRA2009/02 
035 |a SVKKK000094523 
038 |a SVKKK 
040 |a SVKKK  |b slo  |c SVKKK  |e AACR2 
041 0 |a eng 
044 |a xo  |c SK 
080 |a 547.963  |2 1997 
245 0 0 |a Inhibitors of lysozyme aggregation  |c Z. Gažová ... [et al.] 
300 |b Obr. 
504 |a Bibliogr. odkazy 
650 0 7 |a lyzozým  |x agregácia proteínov  |2 snkbucl  |9 1085260 
700 1 |a Gažová, Zuzana,  |d 1961-  |4 aut  |9 201367 
700 1 |a Bellová, Andrea  |4 aut  |9 831736 
700 1 |a Imrich, Ján,  |d 1951-  |4 aut  |9 201457 
700 1 |a Kristian, Pavol,  |d 1972-  |4 aut  |9 220811 
700 1 |a Bágeľová, Jaroslava  |4 aut  |9 7201 
700 1 |a Fedunová, Diana  |4 aut  |9 653455 
700 1 |a Daxnerová, Zuzana  |4 aut  |9 7727 
700 1 |a Antalík, Marián,  |d 1952-  |4 aut  |9 39694 
773 0 |t Structure and stability of biomacromolecules SSB 2007  |d Košice : Univerzita Pavla Jozefa Šafárika, 2007  |g S. 107-108  |z 9788070976937 
852 |a SVKKK  |b BIB 
958 |a NB 
999 |c 1839791  |d 1841721